000 01692nam a2200349 a 4500
001 000038305
003 OSt
005 20251120073733.0
007 ta
008 130408s1989 dr ad 001 0dspa d
040 _aDO-SdBNP
_bspa
_cBNPHU
_erda
041 _hspa
082 4 _a658.4033
_bL865m
_222
100 1 _aLora, Ricardo
_958681
_d1941-
_eautor
245 1 0 _aMétodos cuantitativos en la toma de decisiones /
_cRicardo Lora, Ramón Grullón
250 _a2a. ed.
264 _aSantiago de los Caballeros :
_bPCMM ,
_c1989.
300 _a334 páginas :
_bilustraciones, gráficos ;
_c21 cm.
336 _2rdacontent
_atexto
_btxt
337 _2rdamedia
_asin mediación
_bn
338 _2rdacarrier
_avolumen
_bnc
490 0 _aTextos
500 _aIncluye datos biográficos del autor en la solapa de la contracubierta
504 _aBibliografía: p. 333-334
505 2 _aCapítulo 1 :
_tVisión global de la toma de decisiones en el mundo de hoy.-
_gCapitulo. 2.
_tPunto de equilibrio.-
_gCapitulo 3.
_tProgramación lineal.-
_gCapitulo 4.
_tProblema dual y análisis de sensibilidad.-
_gCapitulo 5.
_tModelos de transportación y de asignación.-
_gCapitulo 6.
_tMétodos gráficos de planeación de proyectos.-
_gCapitulo7.
_tDecisiones y árbol de decisiones.-
_tApéndice A.. Matrices y vectores.-
_tApéndice B. Fundamentos de probabilidad
_tTabla Normal Estándar.
_tBibliografía
590 _aInventariado, 2023 /LP
650 _aToma de decisiones
_xModelos matemáticos
_977176
700 1 2 _aGrullón , Ramón ,
_964667
_d1945-
_eautor
710 2 _aPontificia Universidad Católica Madre y Maestra
_9843
910 _aValidado. Control de calidad MFF
942 _2ddc
_cLBS1
999 _c37795
_d37795